Man and materials : (Record no. 9834)

MARC details
000 -LEADER
fixed length control field 00984nam a22003017a 4500
001 - CONTROL NUMBER
control field 9834
003 - CONTROL NUMBER IDENTIFIER
control field FISKH
005 - DATE AND TIME OF LATEST TRANSACTION
control field 20260304090951.0
008 - FIXED-LENGTH DATA ELEMENTS--GENERAL INFORMATION
fixed length control field 260304b cb ||||| |||| 00| 0 eng d
020 ## - INTERNATIONAL STANDARD BOOK NUMBER
International Standard Book Number 0333174569
040 ## - CATALOGING SOURCE
Original cataloging agency FISKH
Language of cataloging eng
Transcribing agency FISKH
Modifying agency FISKH
050 ## - LIBRARY OF CONGRESS CALL NUMBER
Classification number TN880 .R49
082 ## - DEWEY DECIMAL CLASSIFICATION NUMBER
Classification number 553.285
100 ## - MAIN ENTRY--PERSONAL NAME
Personal name Ridpath , Ian
245 ## - TITLE STATEMENT
Title Man and materials :
Remainder of title Gas /
Statement of responsibility, etc. Series Editor Ian Ridpath
250 ## - EDITION STATEMENT
Edition statement First printed 1975
260 ## - PUBLICATION, DISTRIBUTION, ETC.
Place of publication, distribution, etc. London :
Name of publisher, distributor, etc. Macmillan Publishers ,
Date of publication, distribution, etc. 1975 .
300 ## - PHYSICAL DESCRIPTION
Extent 31 pages :
Other physical details color illustrations ;
Dimensions 21 cm .
505 ## - FORMATTED CONTENTS NOTE
Formatted contents note R <br/>
520 ## - SUMMARY, ETC.
Summary, etc. An introduction to fuel gas including the origin and production of natural gas and a variety of man-made gases and their present and future uses
521 8# - TARGET AUDIENCE NOTE
Target audience note 750 <br/>
Source Lexile estimate <br/>
521 8# - TARGET AUDIENCE NOTE
Target audience note R <br/>
Source Raz-Plus <br/>
650 ## - SUBJECT ADDED ENTRY--TOPICAL TERM
Topical term or geographic name entry element Industry
Form subdivision Non-fiction
650 ## - SUBJECT ADDED ENTRY--TOPICAL TERM
Topical term or geographic name entry element Natural gas
Form subdivision Non-fiction
700 ## - ADDED ENTRY--PERSONAL NAME
Personal name Gunston , Bill
Relator term Series Adviser
942 ## - ADDED ENTRY ELEMENTS (KOHA)
Source of classification or shelving scheme Dewey Decimal Classification
Koha item type Books
Suppress in OPAC No
Holdings
Withdrawn status Lost status Source of classification or shelving scheme Damaged status Not for loan Collection Home library Current library Shelving location Date acquired Total Checkouts Full call number Barcode Date last seen Price effective from Koha item type
    Dewey Decimal Classification     Non-Fiction Footprints International School Library Network Toul Tom Poung Campus Footprints International School Library Network Toul Tom Poung Campus TTP Primary Orange Bookshelves 03/04/2026   RID 553.285 TN880 .R49 FIS01514 03/04/2026 03/04/2026 Books